000
00330nam a22001457a 4500
008
230907b ||||| |||| 00| 0 eng d
020
_a
674605258
041
_a
eng
080
_2
FIRST PUBLISHED 1970
_a
521
082
_a
521RON
100
_a
19
101
_a
ASTRO
245
_a
THE NATURE OF LIGHT
_c
RONCHI.V
942
_2
udc
_c
BK
999
_c
60276
_d
60276